[Event "London Classic U1600 op 10th"]
[Site "London"]
[Date "2018.12.16"]
[Round "4"]
[White "Roy, Tom"]
[Black "Zheng, Harry Z"]
[Result "0-1"]
[WhiteElo "1250"]
[BlackElo "1424"]
[PlyCount "136"]
[EventDate "2018.12.14"]
[EventType "swiss"]
[EventRounds "5"]
[EventCountry "ENG"]
[SourceTitle "CBM 187 Extra"]
[Source "ChessBase"]
[SourceDate "2018.11.04"]
[SourceVersion "1"]
[SourceVersionDate "2018.11.04"]
[SourceQuality "1"]

1. Nf3 Nf6 2. g3 d5 3. Bg2 e6 4. 0-0 Be7 5. d3 0-0 6. Bf4 c5 7. Nc3 Nc6 8. e4 b6 9. exd5 exd5 10. Re1 Bb7 11. Ne2 d4 12. Nc1 Nd5 13. Bd2 Nb8 14. Ne2 Bd6 15. Ng5 h6 16. Nh3 Qc7 17. c3 dxc3 18. Nxc3 Nxc3 19. Bxc3 Bxg2 20. Kxg2 Nc6 21. Kg1 Rae8 22. Rc1 Rxe1+ 23. Qxe1 Be5 24. Qd2 Rd8 25. b4 Bxc3 26. Qxc3 Qd7 27. Nf4 Nxb4 28. Rb1 Nd5 29. Nxd5 Qxd5 30. Qc2 c4 31. d4 Qf3 32. Re1 Qd3 33. Qxd3 cxd3 34. Rd1 Rxd4 35. Rd2 Kf8 36. f4 Ke7 37. Kf2 Ke6 38. Ke3 Kd5 39. g4 Re4+ 40. Kxd3 Rd4+ 41. Ke3 Rxd2 42. Kxd2 Ke4 43. f5 Kf4 44. h3 Kg3 45. Ke3 Kxh3 46. Kf4 a5 47. a4 Kg2 48. g5 hxg5+ 49. Kxg5 Kf3 50. f6 gxf6+ 51. Kxf6 Ke4 52. Kxf7 Kd5 53. Ke7 Kc5 54. Ke6 b5 55. axb5 a4 56. b6 Kxb6 57. Kd5 a3 58. Kd6 a2 59. Kd5 a1Q 60. Kd6 Qd4+ 61. Ke6 Kc6 62. Kf5 Kd5 63. Kg5 Ke5 64. Kg6 Qe4+ 65. Kg7 Kf5 66. Kh6 Qg4 67. Kh7 Kf6 68. Kh6 Qh3# 0-1